[Event "Wei Yi - Navara Match TB"]
[Site "Yancheng CHN"]
[Date "2018.01.03"]
[Round "2"]
[White "Wei Yi"]
[Black "Navara,D"]
[Result "0-1"]
[WhiteElo "2743"]
[BlackElo "2740"]

1.e4 c6 2.d4 d5 3.exd5 cxd5 4.Bd3 Nc6 5.c3 Nf6 6.Bf4 Bg4 7.Qb3 e5 8.dxe5 Nh5
9.Be3 Nxe5 10.Bb5+ Nc6 11.h3 Be6 12.Qd1 Nf6 13.Nf3 Bd6 14.O-O O-O 15.Nbd2 Qd7
16.Re1 a6 17.Bf1 Rac8 18.Nb3 Ne4 19.Nbd4 Bb8 20.Qc1 Qd6 21.Ne2 d4 22.Bf4 Qc5
23.Nexd4 Bd5 24.Bxb8 Rxb8 25.Qf4 Rbe8 26.Bd3 Nf6 27.Nxc6 Qxc6 28.Nd4 Qb6
29.Qd2 g6 30.a3 Ne4 31.Qc2 Nc5 32.Bf1 Qf6 33.g3 Nb3 34.Rxe8 Rxe8 35.Rd1 Nxd4
36.Rxd4 Qf3 37.Rxd5 Qxd5 38.Bg2 Qe5 39.Bf3 Qe1+ 40.Kg2 Rd8 41.Qb3 b5 42.Bd5 Kg7
43.c4 Qe5 44.Qc2 Rc8 45.Qd3 Qxb2 46.cxb5 Qxb5 47.Qd4+ Kg8 48.Qe4 Qd7 49.Qf3 Rd8
50.Bc4 a5 51.Qf6 Rc8 52.Be2 Qc6+ 53.Qxc6 Rxc6 54.a4 Rc3 55.Bb5 g5 56.Kf1 f5
57.Ke2 Ra3 58.Bd7 Kg7 59.Kd2 Kf6 60.Bc6 Ke5 61.Kc2 Ra2+  0-1

[Event "Wei Yi - Navara Match TB"]
[Site "Yancheng CHN"]
[Date "2018.01.03"]
[Round "3"]
[White "Navara,D"]
[Black "Wei Yi"]
[Result "1/2-1/2"]
[WhiteElo "2740"]
[BlackElo "2743"]

1.e4 e5 2.Nf3 Nf6 3.Nxe5 d6 4.Nf3 Nxe4 5.d4 d5 6.Bd3 Bf5 7.O-O Be7 8.c4 dxc4
9.Bxc4 O-O 10.Nc3 Nc6 11.Re1 Nxc3 12.bxc3 Bd6 13.Ng5 h6 14.Qf3 Qd7 15.Ne4 Rae8
16.Bd2 Bg4 17.Qd3 Bf5 18.Bb3 Re7 19.g4 Bh7 20.Qf3 Rfe8 21.Nxd6 cxd6 22.Rxe7 Rxe7
23.Bd5 Nd8 24.g5 hxg5 25.Bxg5 Re8 26.Bxd8 Rxd8 27.Bxb7 d5 28.Ba6 Re8 29.Bd3 Bxd3
30.Qxd3 Qg4+ 31.Kh1 Re2 32.Rg1 Qe6 33.Qg3 g6 34.a4 Kg7 35.Qf3 Rc2 36.h4 a6
37.h5 Rxf2 38.h6+ Kh7 39.Qxf2 Qh3+ 40.Qh2 Qf3+ 41.Rg2 Qd1+ 42.Qg1 Qh5+ 43.Rh2 Qf3+
44.Qg2 Qd1+ 45.Qg1  1/2-1/2

[Event "Wei Yi - Navara Match"]
[Site "Yancheng CHN"]
[Date "2018.01.03"]
[Round "4"]
[White "Navara,D"]
[Black "Wei Yi"]
[Result "1/2-1/2"]
[WhiteElo "2740"]
[BlackElo "2743"]

1.c4 c5 2.Nf3 Nc6 3.Nc3 g6 4.e3 Nf6 5.d4 cxd4 6.exd4 d5 7.cxd5 Nxd5 8.Bc4 Nb6
9.Bb3 Bg7 10.O-O O-O 11.d5 Na5 12.h3 Re8 13.Re1 Bf5 14.g4 Bd7 15.Bg5 Nxb3
16.axb3 h6 17.Bh4 g5 18.Bg3 e6 19.d6 Bc6 20.Nd4 Bxd4 21.Qxd4 Nd7 22.Rxa7 Rxa7
23.Qxa7 Qf6 24.Qe3 e5 25.b4 Re6 26.Ne4 Qg6 27.Nc5 Rxd6 28.Nxd7 Rxd7 29.Qxe5 Kh7
30.Kh2 Qd3 31.Qf6 Qd5 32.Rg1 Qf3 33.Qxf3 Bxf3 34.Re1 Rd1 35.Rxd1 Bxd1 36.f4  1/2-1/2

[Event "80th Tata Steel GpA"]
[Site "Wijk aan Zee NED"]
[Date "2018.01.24"]
[Round "10.6"]
[White "Wei Yi"]
[Black "Caruana,F"]
[Result "1/2-1/2"]
[WhiteElo "2743"]
[BlackElo "2811"]

1.e4 e5 2.Nf3 Nc6 3.Nc3 Nf6 4.Bb5 Nd4 5.Bc4 Bc5 6.d3 d6 7.Na4 b5 8.Nxd4 bxc4
9.Nf5 Bxf5 10.exf5 cxd3 11.Nxc5 dxc5 12.cxd3 Qd7 13.Qf3 O-O 14.O-O Rfd8 15.Be3 Qxd3
16.Rac1 c4 17.h3 h6 18.Rc3 Qe4 19.Qxe4 Nxe4 20.Rxc4 Nd2 21.Bxd2 Rxd2 22.Rb1 Rad8
23.Rxc7 Re2 24.Rxa7 Rdd2 25.Rf1 Rxb2 26.g4 Rxa2 27.Rxa2 Rxa2 28.Re1  1/2-1/2

[Event "China vs World Team 2018"]
[Site "Liaocheng CHN"]
[Date "2018.04.07"]
[Round "1.3"]
[White "Dubov,Daniil"]
[Black "Wei Yi"]
[Result "1-0"]
[WhiteElo "2696"]
[BlackElo "2734"]

1.Nf3 d5 2.e3 Nf6 3.c4 e6 4.Nc3 b6 5.cxd5 exd5 6.Bb5+ c6 7.Be2 Bd6 8.O-O O-O
9.b3 Bb7 10.Bb2 Nbd7 11.Rc1 Re8 12.Re1 Rc8 13.Bf1 Qe7 14.g3 Ba3 15.Bxa3 Qxa3
16.Bh3 Qd6 17.d4 Rcd8 18.Nd2 g6 19.Bg2 Kg7 20.Qc2 Nf8 21.Qb2 Ne6 22.b4 h5
23.h4 Qe7 24.b5 c5 25.Nf3 cxd4 26.exd4 Ne4 27.Ne5 Qf6 28.Nc6 Bxc6 29.bxc6 Qxd4
30.Bxe4 dxe4 31.Rxe4 Qf6 32.Rce1 Kg8 33.Re5 Qg7 34.Ne4 Rd5 35.Ng5 Rxe5 36.Rxe5 Rc8
37.Nxe6 fxe6 38.Qe2 Rxc6 39.Qe4 Rc4 40.Qe3 Rc6 41.Rg5 e5 42.Rxe5 Rf6 43.Re7 Rf7
44.Qe6 Qf6 45.Qxf6 Rxf6 46.Rxa7 b5 47.Ra3 b4 48.Rb3 Ra6 49.Rb2 Kf7 50.Kf1 Kf6
51.Ke2 Ra3 52.Kd2 Kf5 53.Kc1 Rc3+ 54.Rc2 Rf3 55.Rb2 Ke5 56.Rxb4 Rxf2 57.a4 Ra2
58.Kb1 Ra3 59.g4 hxg4 60.Rxg4 Kd5 61.Kb2 Rh3 62.a5 Kc5 63.a6 Rh2+ 64.Kb3 Kb5
65.Ra4 Rh3+ 66.Kb2 Rh2+ 67.Kc1 Rh1+ 68.Kd2 Rh2+ 69.Ke3  1-0

[Event "China vs World Team 2018"]
[Site "Liaocheng CHN"]
[Date "2018.04.07"]
[Round "2.1"]
[White "Wei Yi"]
[Black "Bacrot,E"]
[Result "1-0"]
[WhiteElo "2734"]
[BlackElo "2718"]

1.Nf3 d5 2.e3 Nf6 3.c4 e6 4.Nc3 Be7 5.b3 b6 6.Bb2 O-O 7.g3 Bb7 8.Bg2 Nbd7
9.O-O Ne4 10.Ne2 Bf6 11.d4 c5 12.cxd5 exd5 13.Nf4 c4 14.Nd2 cxb3 15.Nxd5 Bxd5
16.Bxe4 Bxe4 17.Nxe4 bxa2 18.Rxa2 a5 19.Qb3 Rc8 20.Nd6 Rc6 21.Nb5 Qa8 22.e4 Rfc8
23.e5 Be7 24.Ra4 Rc2 25.e6 Nf6 26.exf7+ Kf8 27.Ba3 Qe4 28.Nd6 Qd5 29.Qxd5 Nxd5
30.Nxc8 Rxc8 31.Re1 Kxf7 32.Re5 Rd8 33.Bxe7 Nxe7 34.d5 Nc8  1-0

[Event "China vs World Team 2018"]
[Site "Liaocheng CHN"]
[Date "2018.04.07"]
[Round "3.4"]
[White "Duda,J"]
[Black "Wei Yi"]
[Result "1/2-1/2"]
[WhiteElo "2724"]
[BlackElo "2734"]

1.d4 Nf6 2.c4 e6 3.Nf3 d5 4.Nc3 c5 5.cxd5 Nxd5 6.e4 Nxc3 7.bxc3 cxd4 8.cxd4 Bb4+
9.Bd2 Bxd2+ 10.Qxd2 O-O 11.Be2 b6 12.O-O Bb7 13.Qe3 Nc6 14.Rac1 Rc8 15.h4 Qd6
16.h5 h6 17.Rfd1 Rfd8 18.d5 exd5 19.Rxd5 Qe7 20.Rcd1 Rxd5 21.Rxd5 Nd8 22.Re5 Ne6
23.Bd1 Rc5 24.Bb3 Rxe5 25.Nxe5 Qf6 26.Qc3 Kh7 27.f3 Nf4 28.Qc7 Qh4 29.Bxf7 Qe1+
30.Kh2 Qh4+ 31.Kg1 Qe1+  1/2-1/2

[Event "China vs World Team 2018"]
[Site "Liaocheng CHN"]
[Date "2018.04.07"]
[Round "4.2"]
[White "Wei Yi"]
[Black "Shankland,S"]
[Result "1-0"]
[WhiteElo "2734"]
[BlackElo "2671"]

1.Nf3 c5 2.e4 Nc6 3.Nc3 g6 4.d4 cxd4 5.Nxd4 Bg7 6.Be3 Nf6 7.Bc4 O-O 8.Bb3 a6
9.O-O d6 10.h3 Na5 11.Qd3 b5 12.Nd5 Bb7 13.c3 Rc8 14.Nxf6+ Bxf6 15.Bh6 Re8
16.Bd5 Qd7 17.Rad1 Bxd5 18.exd5 Qb7 19.Nc2 Nc4 20.Bc1 a5 21.Qg3 Rc5 22.Ne3 Nxe3
23.Bxe3 Rc4 24.Bg5 Bxg5 25.Qxg5 b4 26.cxb4 Qxb4 27.Qd2 Qxd2 28.Rxd2 a4 29.Re1 Kf8
30.Re3 Rb8 31.b3 Rcb4 32.Rdd3 R8b5 33.g3 h5 34.h4 Rc5 35.Rd2 axb3 36.axb3 Rb7
37.Kg2 Rcb5 38.Rdd3 Ke8 39.Rf3 Rc5 40.Rd2 Rbb5 41.Rfd3 Kd7 42.Rf3 f6 43.Rfd3 Ke8
44.Kh2 Kf7 45.Kg2 f5 46.f4 Kf6 47.Kf2 Rb4 48.Re2 Re4 49.Kf3 Rxe2 50.Kxe2 Rc2+
51.Ke3 e5 52.dxe6 Kxe6 53.Kd4 d5 54.Rc3 Rd2+ 55.Ke3 Rg2 56.Kd4 Rd2+ 57.Kc5 d4
58.Rf3 Rd1 59.Kc4 Kd6 60.Rd3 Re1 61.Rxd4+ Kc6 62.Rd3 Re4+ 63.Rd4 Re3 64.Rd3 Re4+
65.Kc3 Kc5 66.Kd2 Kb4 67.Re3 Rd4+ 68.Rd3 Re4 69.Rd6 g5 70.hxg5 h4 71.gxh4 Rxf4
72.h5 Rh4 73.h6 Rh5 74.Rd8  1-0

[Event "China vs World Team 2018"]
[Site "Liaocheng CHN"]
[Date "2018.04.07"]
[Round "5.5"]
[White "Vidit,S"]
[Black "Wei Yi"]
[Result "1/2-1/2"]
[WhiteElo "2707"]
[BlackElo "2734"]

1.e4 e5 2.Nf3 Nf6 3.Nxe5 d6 4.Nf3 Nxe4 5.Nc3 Nxc3 6.dxc3 Be7 7.Be3 Nc6 8.Qd2 Be6
9.O-O-O Bf6 10.Kb1 Qd7 11.h4 O-O-O 12.Nd4 Nxd4 13.Bxd4 Be5 14.Qe3 Qa4 15.b3 Bxd4
16.Rxd4 Qc6 17.Be2 Qc5 18.Bf3 h5 19.Re1 Rhe8 20.Qd2 g6 21.Kb2 Kb8 22.a4 a5
23.g3 Qb6 24.Rde4 Qc5 25.R4e3 Rg8 26.R3e2 Qf5 27.Bg2 Qf6 28.Bd5 Bg4 29.Re4 Bf5
30.R4e3 c6 31.Bg2 Be6 32.Rd3 Kc7 33.Kb1 Rge8 34.Rde3 Bd7 35.Rf3 Rxe1+ 36.Qxe1 Qe6
37.Re3 Qf6 38.Re7 Kc8 39.Re3 d5 40.Re5 Qd6 41.Re3 Bf5 42.Qc1 d4 43.cxd4 Qxd4
44.Bf1 Qd2 45.Be2 Qb4 46.Bc4 Rd2 47.Qb2 Rxc2 48.Qh8+ Kc7 49.Qe5+ Kb6 50.Qd4+ Kc7
51.Qe5+ Qd6 52.Qxa5+ Kd7 53.Qxf5+ gxf5 54.Kxc2 Qc5 55.Kd2 f4 56.Rf3 fxg3
57.fxg3 f6 58.Ke2 Qg1 59.Bd3 Ke6 60.Kd2 Qg2+ 61.Be2 Ke5 62.Kd1 Ke4 63.Rc3 Qg1+
64.Kd2 Qd4+ 65.Kc2 Qf2 66.Kd2 Qg2 67.Kd1 Kd4 68.Rd3+ Ke4 69.Rc3 Qg1+ 70.Kd2 Qf2
71.Kd1 Qd4+ 72.Kc2 Qe5 73.Rd3 Kf5 74.Bxh5 Qc5+ 75.Kd2 Qb4+ 76.Kc2 Qc5+ 77.Kd2 Ke5  1/2-1/2

[Event "China vs World Team 2018"]
[Site "Liaocheng CHN"]
[Date "2018.04.07"]
[Round "6.3"]
[White "Wei Yi"]
[Black "Dubov,Daniil"]
[Result "0-1"]
[WhiteElo "2734"]
[BlackElo "2696"]

1.Nf3 g6 2.e4 d6 3.d4 Nf6 4.Bd3 Bg7 5.O-O O-O 6.c3 Nc6 7.h3 e5 8.Re1 Re8
9.Na3 b6 10.Nc2 Bb7 11.Bg5 h6 12.Bd2 Qe7 13.b4 Qf8 14.d5 Ne7 15.c4 Nd7 16.a4 f5
17.a5 Nf6 18.b5 f4 19.Nb4 g5 20.Nc6 Ng6 21.Bc3 Qf7 22.Kf1 Nf8 23.Nfxe5 dxe5
24.Nxe5 Rxe5 25.Bxe5 Re8 26.Bd4 N6d7 27.Bc2 f3 28.Ra3 fxg2+ 29.Kxg2 Ng6 30.Bxg7 Qxg7
31.Kg1 Nde5 32.axb6 axb6 33.d6 Rf8 34.c5 bxc5 35.dxc7 Qxc7 36.Rc3 c4 37.Ree3 Qc5
38.Qh5 Kg7 39.h4 g4  0-1

[Event "China vs World Team 2018"]
[Site "Liaocheng CHN"]
[Date "2018.04.09"]
[Round "7.1"]
[White "Bacrot,E"]
[Black "Wei Yi"]
[Result "0-1"]
[WhiteElo "2718"]
[BlackElo "2734"]

1.e4 e6 2.d4 d5 3.Nc3 Nf6 4.e5 Nfd7 5.f4 c5 6.Nf3 Nc6 7.Ne2 b5 8.a3 Qb6 9.c3 Be7
10.f5 exf5 11.Nf4 cxd4 12.Nxd5 Qb7 13.cxd4 O-O 14.Qc2 Bd8 15.Ne3 g6 16.Bd2 Bb6
17.Bxb5 Nxd4 18.Nxd4 Bxd4 19.Bc6 Qb8 20.O-O Nxe5  0-1

[Event "China vs World Team 2018"]
[Site "Liaocheng CHN"]
[Date "2018.04.09"]
[Round "8.4"]
[White "Wei Yi"]
[Black "Duda,J"]
[Result "1/2-1/2"]
[WhiteElo "2734"]
[BlackElo "2724"]

1.e4 g6 2.d4 Bg7 3.Nc3 d6 4.f4 Nf6 5.Nf3 c5 6.Bb5+ Bd7 7.e5 Ng4 8.Bxd7+ Qxd7
9.h3 cxd4 10.Qxd4 Nh6 11.Qf2 Nc6 12.Bd2 O-O 13.O-O-O dxe5 14.fxe5 Qe6 15.Rhe1 Rad8
16.Kb1 Nf5 17.Re4 Bh6 18.g4 Bxd2 19.Rxd2 Nh6 20.Ng5 Rxd2 21.Qxd2 Qc8 22.a3 Kg7
23.Qe2 Ng8 24.h4 h6 25.Nh3 Rd8 26.Qe3 e6 27.h5 g5 28.Nf2 Qd7 29.Nd3 b6 30.Qf2 Rf8
31.Re3 f5 32.exf6+ Nxf6 33.Qg2 e5 34.Nf2 Qe6 35.Re1 Rf7 36.Qg3 Qc4 37.b3 Qf4
38.Qxf4 exf4 39.Kc1 Nd4 40.a4 Nf3 41.Rd1 Nh2 42.Rg1 Re7 43.Rg2 Re1+ 44.Kb2 Nf3
45.Nd3 Re3 46.Nd1 Re7 47.Nc3 Ne1 48.Nxe1 Rxe1 49.Nb5 Rf1 50.Nd4 f3 51.Rg3 f2
52.Rf3 Nxg4 53.Ne6+ Kh7 54.Rf7+ Kg8  1/2-1/2

[Event "China vs World Team 2018"]
[Site "Liaocheng CHN"]
[Date "2018.04.09"]
[Round "9.2"]
[White "Shankland,S"]
[Black "Wei Yi"]
[Result "1/2-1/2"]
[WhiteElo "2671"]
[BlackElo "2734"]

1.e4 e5 2.Nf3 Nf6 3.d4 Nxe4 4.Bd3 d5 5.Nxe5 Nd7 6.Nxd7 Bxd7 7.O-O Be7 8.Nd2 Nf6
9.Nf3 Bg4 10.h3 Bh5 11.Re1 O-O 12.Bf4 c6 13.c3 Bd6 14.Be5 Re8 15.Re3 Bg6
16.Bxg6 hxg6 17.Qe2 Ne4 18.Re1 Qd7 19.Bxd6 Nxd6 20.Ne5 Qf5 21.h4 Qh5 22.g4 Qh6
23.Kg2 f6 24.g5 Qxh4 25.gxf6 Qxf6 26.Rh1 Nf5 27.Reh3 Qg5+ 28.Kf1 Qc1+ 29.Kg2 Qg5+
30.Kf1 Qc1+ 31.Kg2  1/2-1/2

[Event "China vs World Team 2018"]
[Site "Liaocheng CHN"]
[Date "2018.04.09"]
[Round "10.5"]
[White "Wei Yi"]
[Black "Vidit,S"]
[Result "1/2-1/2"]
[WhiteElo "2734"]
[BlackElo "2707"]

1.e4 e5 2.Nf3 Nc6 3.Nc3 Nf6 4.d4 exd4 5.Nxd4 Bb4 6.Nxc6 bxc6 7.Bd3 d5 8.exd5 O-O
9.O-O Bg4 10.f3 Bh5 11.dxc6 Qd4+ 12.Kh1 Bxc3 13.bxc3 Qxc3 14.Rb1 Bg6 15.Bb2 Qxc6
16.Bxf6 Qxf6 17.Bxg6 hxg6 18.Qd7 Qc3 19.Qd3 Qxd3 20.cxd3 Rfd8 21.Rb3 Rab8
22.Rxb8 Rxb8 23.Rc1 Rb2 24.Kg1 Rxa2 25.Rxc7 Rd2 26.Rxa7 Rxd3  1/2-1/2

[Event "ch-CHN Rapid 2018"]
[Site "Tianjin CHN"]
[Date "2018.06.06"]
[Round "1.3"]
[White "Ma,Zhonghan"]
[Black "Wei Yi"]
[Result "1/2-1/2"]
[WhiteElo "2489"]
[BlackElo "2734"]

1.d4 d6 2.e4 g6 3.Nf3 Bg7 4.Be2 Nf6 5.Nc3 O-O 6.O-O Nc6 7.h3 a6 8.d5 Na7
9.a4 e5 10.dxe6 Bxe6 11.Bg5 h6 12.Be3 Re8 13.Qd2 Kh7 14.Rfe1 Nc6 15.Rad1 Bd7
16.Bd3 Re7 17.Bf4 Ne5 18.Nxe5 dxe5 19.Be3 Be6 20.Qe2 Rd7 21.Bc4 Qe8 22.Bxe6 Qxe6
23.Rxd7 Nxd7 24.Rd1 Bf8 25.Qd3 Nf6 26.Nd5 Ne8 27.Qb3 Nd6 28.Nxc7 Qxb3 29.cxb3 Rc8
30.Nd5 Nxe4 31.f3 Nd6 32.Nf6+ Kg7 33.Nd7 Nf5 34.Bf2 Bd6 35.g4 Nd4 36.Nxe5 Ne2+
37.Kf1 Bxe5 38.Kxe2 Bxb2 39.Bd4+ Bxd4 40.Rxd4 Rc2+ 41.Ke3 Rc3+ 42.Rd3 Rc1
43.Rd7 Rc3+ 44.Rd3 Rc1 45.Rd7 Rc3+ 46.Ke4  1/2-1/2

[Event "ch-CHN Rapid 2018"]
[Site "Tianjin CHN"]
[Date "2018.06.06"]
[Round "2.7"]
[White "Wei Yi"]
[Black "Dai,Changren"]
[Result "1-0"]
[WhiteElo "2734"]
[BlackElo "2430"]

1.Nf3 Nf6 2.c4 e6 3.g3 d5 4.Bg2 dxc4 5.O-O a6 6.Qc2 Bd6 7.Qxc4 b5 8.Qb3 Bb7
9.d3 Nbd7 10.Nc3 O-O 11.a4 Nc5 12.Qc2 b4 13.Nb1 b3 14.Qd1 e5 15.Nc3 e4 16.Nd2 exd3
17.Bxb7 dxe2 18.Qxe2 Nxb7 19.Nxb3 Qd7 20.Qf3 Rab8 21.Nd4 Qg4 22.Qxg4 Nxg4
23.Ne4 Nc5 24.Nxd6 cxd6 25.Nc6 Rb6 26.Ne7+ Kh8 27.Ra3 Ne5 28.Nd5 Rb3 29.Rxb3 Nxb3
30.Be3 Nc4 31.Bf4 h6 32.Ne3 Rc8 33.Nxc4 Rxc4 34.Rd1 Rxa4 35.Rxd6 Nd4 36.Kg2 Ne6
37.Be5 Kh7 38.Rc6 Kg6 39.Bc3 Kf5 40.f3 h5 41.Kf2 g5 42.Rd6 Ra1 43.Ke3 Kg6
44.Rd5 Rh1 45.f4 gxf4+ 46.gxf4 Kh6 47.f5 Ng5 48.Rd6+ Kh7 49.Rd8 Kh6 50.Rd6+ Kh7
51.Rd8 Kh6 52.Rh8+ Nh7 53.Be5 Re1+ 54.Kd4 Rf1 55.Ke4 Re1+ 56.Kd5 Rf1 57.Ke4 Re1+
58.Kd4 Rf1 59.Ra8 f6 60.Rxa6 Rxf5 61.Bd6 Ng5 62.b4 Nf7 63.Bc7 Kg6 64.Ra5 Ne5
65.Bxe5 fxe5+ 66.Rxe5 Rf2 67.h4 Rh2 68.Re4 Kf5 69.Kd5 Ra2 70.Rd4 Ra8 71.b5  1-0

[Event "ch-CHN Rapid 2018"]
[Site "Tianjin CHN"]
[Date "2018.06.06"]
[Round "3.3"]
[White "Wen Yang"]
[Black "Wei Yi"]
[Result "1/2-1/2"]
[WhiteElo "2596"]
[BlackElo "2734"]

1.d4 Nf6 2.Nf3 d5 3.Bf4 Bf5 4.e3 e6 5.Bd3 Bxd3 6.Qxd3 c5 7.c3 Nc6 8.O-O Bd6
9.Bxd6 Qxd6 10.Qb5 cxd4 11.cxd4 O-O 12.Nc3 a6 13.Qe2 Rfc8 14.Rfc1 Nd7 15.Ne1 Rc7
16.Nd3 Rac8 17.Rc2 Nb4 18.Nxb4 Qxb4 19.Rac1 Qd6 20.g3 Nf6 21.Na4 Nd7 22.Kg2 g6
23.Qd3 Rxc2 24.Rxc2 Rc6 25.Rc3 Qc7 26.Qc2 Rxc3 27.Qxc3 Qxc3 28.Nxc3 Kg7 29.Kf3 Kf6
30.Ke2 Ke7 31.e4 dxe4 32.Nxe4 b6 33.Kd3 f5 34.Nc3 Kd6 35.f3 e5 36.Ke3 exd4+
37.Kxd4 Nc5 38.f4 Ne6+ 39.Kd3 Nc5+ 40.Kd4 Ne6+ 41.Kd3 Nc5+ 42.Kd4  1/2-1/2

[Event "ch-CHN Rapid 2018"]
[Site "Tianjin CHN"]
[Date "2018.06.06"]
[Round "4.3"]
[White "Wei Yi"]
[Black "Chu Wei Chao"]
[Result "1-0"]
[WhiteElo "2734"]
[BlackElo "2399"]

1.d4 Nf6 2.c4 c5 3.d5 e6 4.Nc3 exd5 5.cxd5 d6 6.Nf3 g6 7.Nd2 Bg7 8.e4 O-O
9.Be2 Re8 10.O-O Na6 11.Re1 Nc7 12.a4 Rb8 13.Qc2 a6 14.a5 Bd7 15.Nc4 Bb5
16.f3 Bxc4 17.Bxc4 Nd7 18.Be3 b5 19.axb6 Rxb6 20.Ra2 Qb8 21.b3 Ne5 22.Ne2 Nxc4
23.bxc4 Rb4 24.Nc1 Qb6 25.Nd3 Rb3 26.Bd2 Rb8 27.Ba5 Qb7 28.h3 Bd4+ 29.Kh2 Ne8
30.f4 f6 31.Nc1 Rb2 32.Rxb2 Qxb2 33.Qxb2 Rxb2 34.Re2 Rb1 35.Rc2 f5 36.exf5 gxf5
37.Ne2 Nf6 38.Nxd4 cxd4 39.Rd2 Ra1 40.Bb6 Ne4 41.Rxd4 a5 42.c5  1-0

[Event "ch-CHN Rapid 2018"]
[Site "Tianjin CHN"]
[Date "2018.06.06"]
[Round "5.1"]
[White "Wei Yi"]
[Black "Lu Shanglei"]
[Result "0-1"]
[WhiteElo "2734"]
[BlackElo "2630"]

1.e4 c5 2.Nc3 Nc6 3.Nf3 g6 4.d4 cxd4 5.Nxd4 Bg7 6.Be3 Nf6 7.Bc4 Qa5 8.O-O d6
9.Nb3 Qd8 10.Be2 O-O 11.f4 Be6 12.g4 a6 13.g5 Nd7 14.f5 Bxb3 15.axb3 b5 16.f6 Bh8
17.Nd5 exf6 18.gxf6 Re8 19.Bg4 Nc5 20.Bxc5 dxc5 21.Qe2 Qd6 22.Qg2 Ra7 23.c3 Qe5
24.Rae1 Qg5 25.Qg3 h5 26.Bh3 Qxg3+ 27.hxg3 Ne5 28.Rd1 Kh7 29.Kg2 Kh6 30.Ne7 g5
31.Nc8 Ra8 32.Nd6 g4 33.Nxe8 Rxe8 34.Rd6 gxh3+ 35.Kxh3 Ng4 36.Rf4 Kg6 37.Rxa6 Rd8
38.Rb6 Rd2 39.Rxg4+ hxg4+ 40.Kxg4 Rxb2 41.e5 Rxb3 42.Rb8 Bxf6 43.exf6 Kxf6
44.Kh5 Ke5 45.g4 Rxc3 46.Rxb5 Kd4 47.g5 Rf3 48.Kg4 Rf1 49.Rb8 c4 50.Rd8+ Ke3
51.Re8+ Kd2 52.Rd8+ Kc2 53.Rf8 c3 54.Kh3 Kd3 55.g6 c2 56.Rd8+ Ke4 57.g7 c1=Q  0-1

[Event "ch-CHN Blitz 2018"]
[Site "Tianjin CHN"]
[Date "2018.06.07"]
[Round "1.3"]
[White "Wei Yi"]
[Black "Ye Rongguang"]
[Result "1-0"]
[WhiteElo "2734"]
[BlackElo "2461"]

1.e4 e5 2.Nf3 Nf6 3.Nxe5 d6 4.Nc4 Nxe4 5.Qe2 Qe7 6.Ne3 c6 7.b3 d5 8.Bb2 Be6
9.g3 Nd7 10.Bg2 Ndf6 11.c4 dxc4 12.bxc4 Qb4 13.Bc3 Nxc3 14.Nxc3 O-O-O 15.O-O Bc5
16.Rfb1 Qa5 17.Rb3 Rd7 18.Rab1 Bb6 19.Nc2 Qc5 20.d3 Rhd8 21.Na4 Qa5 22.Nxb6+ axb6
23.d4 Qa4 24.Rb4 Qa6 25.R1b2 Bg4 26.Qd3 g6 27.Rxb6 Qa7  1-0

[Event "ch-CHN Blitz 2018"]
[Site "Tianjin CHN"]
[Date "2018.06.07"]
[Round "2.2"]
[White "Xu,Yi"]
[Black "Wei Yi"]
[Result "1/2-1/2"]
[WhiteElo "2534"]
[BlackElo "2734"]

1.e4 e5 2.Nf3 Nc6 3.Bc4 Bc5 4.O-O Nf6 5.d3 a6 6.c3 Ba7 7.a4 d6 8.Na3 h6 9.Nc2 O-O
10.Be3 Bb8 11.h3 Ne7 12.Re1 c6 13.Ba2 Ng6 14.d4 Nxe4 15.dxe5 d5 16.c4 Be6
17.cxd5 cxd5 18.Nb4 Nxe5 19.Nxe5 Bxe5 20.Bxd5 Bxd5 21.Nxd5 Bxb2 22.Rb1 Nc3
23.Nxc3 Bxc3 24.Qxd8 Raxd8 25.Rec1 Bd4 26.Rxb7 Bxe3 27.fxe3 Rde8 28.Rb6 a5
29.Rb5 Rxe3 30.Rxa5 Ra3 31.Ra7 Ra2 32.Rcc7 Kh7 33.Rxf7 Rxf7 34.Rxf7 Rxa4  1/2-1/2

[Event "ch-CHN Blitz 2018"]
[Site "Tianjin CHN"]
[Date "2018.06.07"]
[Round "3.3"]
[White "Wei Yi"]
[Black "Gao Rui"]
[Result "1/2-1/2"]
[WhiteElo "2734"]
[BlackElo "2561"]

1.c4 e5 2.Nc3 Nf6 3.Nf3 Nc6 4.e3 Bb4 5.Qc2 d6 6.a3 Bxc3 7.Qxc3 e4 8.Ng1 O-O
9.b4 Ne5 10.Bb2 a5 11.b5 c6 12.a4 cxb5 13.axb5 b6 14.Be2 Be6 15.f4 Nd3+ 16.Bxd3 exd3
17.Qxd3 Rc8 18.Rc1 d5 19.Nf3 Rxc4 20.Rxc4 dxc4 21.Qxd8 Rxd8 22.Bxf6 gxf6
23.Nd4 Bd5 24.Kf2 Ra8 25.Ra1 Be4 26.Ra4 Bd3 27.Kf3 f5 28.g4 fxg4+ 29.Kxg4 Rc8
30.f5 Kg7 31.Kf4 Re8 32.Ra1 Kf6 33.Rg1 Re4+ 34.Kg3 Re5 35.Kf4 Re4+ 36.Kg3 Re5
37.Kf4 Re4+  1/2-1/2

[Event "ch-CHN Blitz 2018"]
[Site "Tianjin CHN"]
[Date "2018.06.07"]
[Round "4.4"]
[White "Xu,Xiangyu"]
[Black "Wei Yi"]
[Result "1-0"]
[WhiteElo "2581"]
[BlackElo "2734"]

1.d4 Nf6 2.c4 e6 3.g3 d5 4.Bg2 Bb4+ 5.Nd2 O-O 6.Nf3 dxc4 7.O-O b5 8.a4 c6
9.axb5 cxb5 10.Ng5 Nd5 11.e4 Nc7 12.Nxh7 Kxh7 13.Qh5+ Kg8 14.e5 Nd7 15.Bxa8 Nxa8
16.Rxa7 Nc7 17.Ne4 f6 18.exf6 Nxf6 19.Nxf6+ Rxf6 20.Bg5 Be7 21.Bxf6 Bxf6
22.Qc5 Nd5 23.Ra8 Nb6 24.Rb8 Bxd4 25.Qc6 Kh7 26.Qe4+ g6 27.Rd1 Bxf2+ 28.Kxf2 Qxd1
29.Rxb6 Qd2+ 30.Kg1 Qd1+ 31.Kg2 Qd2+ 32.Kf1 Qd1+ 33.Kf2 Qd2+ 34.Qe2 Qd4+
35.Qe3 Qxb2+ 36.Kg1 Qb1+ 37.Kg2 Qc2+ 38.Kg1 Qd1+ 39.Kf2 Qc2+ 40.Qe2 Qf5+
41.Kg1 Bd7 42.Qf2 Kh6 43.Rd6 Be8 44.Qe3+ Kh7 45.Rxe6 Bf7 46.Re4 Kg8 47.Qd4 Qc8
48.Re7 Qf5 49.Rd7 Qb1+ 50.Kg2 Qc2+ 51.Kg1 Qb1+ 52.Kg2 Qc2+ 53.Kf3 Qf5+ 54.Ke2 Kh7
55.Qh4+ Kg7 56.Qd4+ Qf6 57.Qxf6+ Kxf6 58.Rb7 Be8 59.Kd2 Kf5 60.Kc3 Kg4 61.Re7 Bc6
62.Re6 Bd5 63.Rxg6+ Kf5 64.Rd6 Ke5 65.Rb6  1-0

[Event "ch-CHN Rapid 2018"]
[Site "Tianjin CHN"]
[Date "2018.06.07"]
[Round "6.4"]
[White "Wan Yunguo"]
[Black "Wei Yi"]
[Result "0-1"]
[WhiteElo "2499"]
[BlackElo "2734"]

1.e4 c6 2.d4 d5 3.e5 Bf5 4.Nd2 e6 5.Nb3 Nd7 6.Nf3 Be4 7.Bd3 Bxd3 8.Qxd3 Ne7
9.O-O Nf5 10.a4 a6 11.a5 c5 12.dxc5 Nxc5 13.Nxc5 Bxc5 14.c4 dxc4 15.Qxc4 Rc8
16.Qe4 Qd7 17.b4 Ba7 18.b5 axb5 19.Ba3 Rc4 20.Qe2 Qc6 21.Rab1 Bc5 22.Bxc5 Rxc5
23.g4 Ne7 24.Rfd1 O-O 25.Nd4 Qc7 26.Rxb5 Nd5 27.Rxc5 Qxc5 28.Qb5 Qc7 29.Nf3 Nc3
30.Qd7 Qc4 31.Rd3 Ne2+ 32.Kh1 Nf4 33.Rd1 Qe4  0-1

[Event "ch-CHN Rapid 2018"]
[Site "Tianjin CHN"]
[Date "2018.06.07"]
[Round "7.2"]
[White "Wei Yi"]
[Black "Wang Hao"]
[Result "1-0"]
[WhiteElo "2734"]
[BlackElo "2710"]

1.Nf3 d5 2.e3 Nf6 3.c4 e6 4.Nc3 Nbd7 5.b3 Bd6 6.Bb2 c6 7.Qc2 a6 8.d4 O-O
9.Bd3 e5 10.cxd5 cxd5 11.dxe5 Nxe5 12.Nxe5 Bxe5 13.Ne2 Qd6 14.Bxe5 Qxe5 15.Qc3 Qd6
16.f3 Bd7 17.Kf2 Rfe8 18.Qd4 Rac8 19.h3 Re7 20.Rac1 Rce8 21.Rc3 g6 22.Bb1 Bb5
23.Bd3 Rxe3 24.Bxb5 Rxc3 25.Bxe8 Rc2 26.Rc1 Rxa2 27.Kf1 Nxe8 28.Nc3 Ra5 29.b4 Ra3
30.Nxd5 Qd7 31.Rc8 Rxf3+ 32.gxf3 Qxh3+ 33.Ke2 Qe6+ 34.Qe4  1-0

[Event "ch-CHN Rapid 2018"]
[Site "Tianjin CHN"]
[Date "2018.06.07"]
[Round "8.2"]
[White "Yu Yangyi"]
[Black "Wei Yi"]
[Result "1-0"]
[WhiteElo "2759"]
[BlackElo "2734"]

1.e4 e5 2.Nf3 Nf6 3.Nxe5 d6 4.Nf3 Nxe4 5.d4 d5 6.Bd3 Bf5 7.O-O Be7 8.Ne5 Nd7
9.Nc3 Nxc3 10.bxc3 Bxd3 11.cxd3 O-O 12.Rb1 Rb8 13.Ng4 Nf6 14.Ne3 g6 15.g4 c6
16.f4 h5 17.f5 hxg4 18.Nxg4 Nh7 19.Bh6 Re8 20.fxg6 fxg6 21.Qf3  1-0

[Event "ch-CHN Rapid 2018"]
[Site "Tianjin CHN"]
[Date "2018.06.07"]
[Round "9.4"]
[White "Wei Yi"]
[Black "Fang,Yuxiang"]
[Result "1/2-1/2"]
[WhiteElo "2734"]
[BlackElo "2499"]

1.e4 e5 2.Nf3 Nc6 3.Bc4 Bc5 4.d3 Nf6 5.h3 d6 6.c3 h6 7.Nbd2 O-O 8.Bb3 Qe7
9.Nf1 Be6 10.Bc2 d5 11.Qe2 Rad8 12.g4 b5 13.g5 hxg5 14.Nxg5 dxe4 15.dxe4 Bc4
16.Qf3 Qd6 17.a3 Bd3 18.Bxd3 Qxd3 19.Qxd3 Rxd3 20.Ke2 Rfd8 21.Ne3 Bxe3 22.Bxe3 Nh5
23.Nf3 Nf4+ 24.Bxf4 exf4 25.Rad1 Rxd1 26.Rxd1 Rxd1 27.Kxd1 Kf8 28.Nd4 Nxd4
29.cxd4 f5 30.e5 g5 31.Ke2 a5 32.b4 axb4 33.axb4 Kf7 34.Kf3 c6 35.h4 gxh4
36.Kxf4 Kg6 37.Kf3 Kg5 38.Ke2 f4 39.f3 Kf5 40.Kf1 Kg6 41.Kg2 Kf5 42.Kh2 Kg6
43.Kh3 Kg5 44.Kh2 Kf5 45.Kg2 Kg6 46.Kh3 Kg5 47.Kh2 Kf5 48.Kg1 Kg6 49.Kf1 Kf5
50.Ke2 Kg6 51.Kf2 Kf5 52.Kg2 Kg6 53.Kh3 Kg5 54.Kg2 Kf5 55.Kh2 Kg6 56.Kh3 Kg5
57.Kg2 Kf5 58.Kf1 Kg6 59.Ke1 Kf5 60.Kf1 Kg6 61.Kg2 Kf5 62.Kh2 Kg6 63.Kh3 Kg5
64.Kh2 Kf5 65.Kh3 Kg5 66.Kh2 Kf5 67.Kg2 Kg6 68.Kh3 Kg5 69.Kh2  1/2-1/2

[Event "ch-CHN Blitz 2018"]
[Site "Tianjin CHN"]
[Date "2018.06.08"]
[Round "5.7"]
[White "Wei Yi"]
[Black "Fang,Yuxiang"]
[Result "1-0"]
[WhiteElo "2734"]
[BlackElo "2499"]

1.e4 e5 2.Nf3 Nf6 3.Nxe5 d6 4.Nf3 Nxe4 5.Nc3 Nf6 6.d4 Be7 7.Bd3 O-O 8.h3 b6
9.O-O Bb7 10.Nh4 g6 11.f4 Nd5 12.Nxd5 Bxd5 13.Nf3 f5 14.c4 Bb7 15.d5 Bf6
16.Bc2 Nd7 17.Nd4 Nc5 18.b4 Ne4 19.Bxe4 fxe4 20.Ne6 Qe7 21.Rb1 Rfe8 22.f5 gxf5
23.Rxf5 Bc8 24.Qg4+ Kh8 25.Rxf6  1-0

[Event "ch-CHN Blitz 2018"]
[Site "Tianjin CHN"]
[Date "2018.06.08"]
[Round "6.6"]
[White "Zhao,Yuanhe"]
[Black "Wei Yi"]
[Result "0-1"]
[WhiteElo "2379"]
[BlackElo "2734"]

1.Nf3 d6 2.c4 e5 3.Nc3 f5 4.g3 Nf6 5.Bg2 Be7 6.O-O O-O 7.d3 c6 8.b4 a6 9.Rb1 Qe8
10.a4 Qh5 11.b5 axb5 12.axb5 Kh8 13.bxc6 Nxc6 14.Nd5 Nxd5 15.cxd5 Nb8 16.Nd2 Nd7
17.Nc4 Nf6 18.Nb6 Rb8 19.Ba3 f4 20.Nxc8 Rfxc8 21.Bf3 Qf5 22.Rb6 Nd7 23.Rb5 Nf6
24.Rb6 Nd7 25.Rb5 Rc3 26.Bb4 Rc7 27.Qb1 Qf8 28.Rc1 Qc8 29.Rxc7 Qxc7 30.Ba5 b6
31.Bd2 Bg5 32.Qb2 Bh6 33.Kg2 Nc5 34.d4 Nd7 35.dxe5 dxe5 36.Rb4 Nf6 37.Bc3 Nd7
38.Re4 Re8 39.Rb4 Nc5 40.Rxb6 Na4 41.Qb5 Rg8 42.Rb7 Nxc3 43.Qb2 Qc5 44.Rb3 Nxd5
45.Qxe5 fxg3 46.hxg3  0-1